000 01814nam a2200421Ia 4500
001 ebr10603300
003 CaPaEBR
006 m u
007 cr cn|||||||||
008 090727s2010 dcuab sb 001 0 eng d
010 _z 2009030747
020 _z0813217253 (cloth : alk. paper)
020 _z9780813217253 (cloth : alk. paper)
020 _z9780813218137
040 _aCaPaEBR
_cCaPaEBR
035 _a(OCoLC)812915199
050 1 4 _aCE61.F8
_bS56 2010eb
100 1 _aShusterman, Noah.
245 1 0 _aReligion and the politics of time
_h[electronic resource] :
_bholidays in France from Louis XIV through Napoleon /
_cNoah Shusterman.
246 3 _aReligion & the politics of time
260 _aWashington, D.C. :
_bCatholic University of America Press,
_cc2010.
300 _axv, 299 p. :
_bill., maps.
504 _aIncludes bibliographical references and index.
533 _aElectronic reproduction.
_bPalo Alto, Calif. :
_cebrary,
_d2011.
_nAvailable via World Wide Web.
_nAccess may be limited to ebrary affiliated libraries.
650 0 _aCalendar
_xPolitical aspects
_zFrance
_xHistory.
650 0 _aChurch calendar
_zFrance
_xHistory.
650 0 _aHolidays
_zFrance
_xHistory.
650 0 _aTime
_xPolitical aspects
_zFrance
_xHistory.
650 0 _aChurch and state
_zFrance
_xHistory.
650 0 _aPolitical culture
_zFrance
_xHistory.
651 0 _aFrance
_xPolitics and government
_y1643-1715.
651 0 _aFrance
_xPolitics and government
_y1715-1774.
651 0 _aFrance
_xPolitics and government
_y1774-1793.
651 0 _aFrance
_xPolitics and government
_y1789-1815.
655 7 _aElectronic books.
_2local
710 2 _aebrary, Inc.
856 4 0 _uhttp://site.ebrary.com/lib/rucke/Doc?id=10603300
_zAn electronic book accessible through the World Wide Web; click to view
999 _c99757
_d99757